Jealott's hill; fifty years of agricultural research, 1928-1978 /
Guardado en:
| Autor Principal: | |
|---|---|
| Formato: | Libro |
| Publicado: |
Berkshire :
Imperial chemical industries limited,
1978
|
| Materias: | |
| Etiquetas: |
Agregar Etiqueta
Sin Etiquetas, Sea el primero en etiquetar este registro!
|
| LEADER | 00588nam a22001815a 4500 | ||
|---|---|---|---|
| 001 | CEM.cems016060 | ||
| 005 | 20100618171911.0 | ||
| 008 | 130507s1978##################000#0#####d | ||
| 003 | CEMS | ||
| 082 | 0 | 4 | |a 630.5 |
| 100 | 1 | |a Peacock, F | |
| 245 | 1 | 0 | |a Jealott's hill; fifty years of agricultural research, 1928-1978 / |c F, |
| 260 | |a Berkshire : |b Imperial chemical industries limited, |c 1978 | ||
| 300 | |a 160 p. | ||
| 653 | |a Agricultura | ||
| 653 | |a Herbicidas | ||
| 859 | |a CEMS |b BIB. CEMS - Agricultura |h 630.5 |i P313 |p A8691.80 |t Ej.1 | ||
| 859 | |a CEMS |b BIB. CEMS - 11 de abril |h 630.5 |i P313 |p 8691.81 |t Ej.1 | ||
